Statistics for Countries of the Portuguese Empire

Click here to take the quiz!

General Stats

  • This quiz has been taken 363 times
    (350 since last reset)
  • The average score is 21 of 39

Answer Stats

% OccupiedCountry% Correct
97 ?Brazil
96%
100Angola
88%
100Mozambique
86%
< 1Spain
86%
< 1China
83%
4India
81%
2Indonesia
76%
100Uruguay
72%
100Cape Verde
70%
100Guinea-Bissau
69%
2Morocco
68%
100São Tomé and
Príncipe
67%
100East Timor
65%
13France
63%
< 1Japan
62%
< 1Malaysia
60%
< 1Ghana
52%
75Sri Lanka
51%
< 1Tanzania
49%
< 1Madagascar
48%
< 1Senegal
48%
10Bangladesh
47%
< 1Benin
45%
7Equatorial Guinea
45%
< 1Kenya
44%
12Oman
44%
< 1Somalia
43%
< 1Togo
43%
< 1Mauritania
42%
8Myanmar
41%
5Yemen
41%
1Iran
40%
100Maldives
37%
< 1Saudi Arabia
37%
20United Arab Emirates
32%
40Eritrea
30%
100Bahrain
25%
2Sudan
25%
100Barbados
15%

Score Distribution

Percentile by Number Answered

Percent of People with Each Score

Your Score History

You have not taken this quiz since the last reset